|
|
|
|
| LEADER |
01062nam a2200289 a 4500 |
| 001 |
16631859 |
| 008 |
110515s2011 nyua 001 0 eng |
| 010 |
|
|
|a 2011001153
|
| 020 |
|
|
|a 9780071716734
|
| 020 |
|
|
|a 0071716734
|
| 040 |
|
|
|a DLC
|c DLC
|d BD-DhAAL
|
| 042 |
|
|
|a pcc
|
| 082 |
0 |
0 |
|a 658.4/72028555
|2 22
|
| 100 |
1 |
|
|a Janus, Philo.
|
| 245 |
1 |
0 |
|a Building integrated business intelligence solutions with SQL Server 2008 R2 & Office 2010 /
|c Philo Janus and Stacia Misner.
|
| 260 |
|
|
|a New York :
|b McGraw-Hill,
|c 2011.
|
| 300 |
|
|
|a xxii, 471 p. :
|b ill. ;
|c 23 cm.
|
| 500 |
|
|
|a Includes index.
|
| 541 |
|
|
|e 00022488
|
| 650 |
|
0 |
|a Business intelligence.
|
| 650 |
|
0 |
|a Client/server computing.
|
| 630 |
0 |
0 |
|a SQL server.
|
| 630 |
0 |
0 |
|a Microsoft Office.
|
| 700 |
1 |
|
|a Misner, Stacia.
|
| 852 |
1 |
|
|a Ayesha Abed Library
|c General Shelf.
|
| 999 |
|
|
|c 10830
|d 10830
|
| 952 |
|
|
|0 0
|1 0
|2 ddc
|4 0
|6 658_472028555000000_JAN
|7 0
|9 16471
|a BRACUL
|b BRACUL
|c GEN
|d 2011-05-11
|e Karim International
|g 2880.00
|l 1
|m 3
|o 658.472028555 JAN
|p 3010022488
|r 2015-01-13
|s 2013-12-13
|t 1
|w 2011-05-16
|y BK
|